000 00393pab a2200169 454500
008 180718b2013 xxu||||| |||| 00| 0 eng d
100 _aRajamani, R.C.
245 _aBudget 2013-14: Economic survey - an overview
260 _c2013
300 _ap.54-57.
362 _aMar
650 _aEconomic surveys - India
650 _aBudget
773 _aYojana
908 _aN
909 _a99234
999 _c99233
_d99233